| 000 | 00459nam a2200181Ia 4500 | ||
|---|---|---|---|
| 001 | 794 | ||
| 005 | 20260306140544.0 | ||
| 008 | 260306t1998||||xx |||||||||||||| ||spa|| | ||
| 041 | _aESP | ||
| 082 |
_a170 _bB28 |
||
| 100 |
_aBaurmann, Michael _eAUT |
||
| 245 | 0 |
_aEl mercado de la virtud: _bmoral y responsabilidad en la sociedad liberal |
|
| 260 | _c1998 | ||
| 300 |
_a270 páginas : _c19 cm. |
||
| 650 | _aGEN | ||
| 654 | _aCHU | ||
| 942 |
_cLIB _dJUS _fJUS _2ddc _n |
||
| 999 |
_c794 _d794 |
||